|
|
|
|
| LEADER |
00000cam a2200000 7i4500 |
| 001 |
0000008308 |
| 005 |
20161227.0 |
| 020 |
|
|
|a 78190214
|
| 040 |
|
|
|a INS
|
| 090 |
0 |
0 |
|a HD257
|b W45 1972
|
| 100 |
0 |
|
|a Weimer, Arthur M
|
| 245 |
0 |
0 |
|a Real estate
|c Arthur M. Weimer, Homer Hoyt, George F. Bloom
|
| 250 |
|
|
|a 6th edition
|
| 260 |
|
|
|a New York :
|b The Ronald Press Co ,
|c 1972
|
| 300 |
|
|
|a 831p :
|b 24 cm
|
| 650 |
0 |
0 |
|a Real estate business
|z United States
|
| 650 |
0 |
0 |
|a Real property
|z United States
|
| 700 |
1 |
|
|a Bloom, George F
|
| 700 |
1 |
|
|a Hoyt, Homer
|
| 999 |
|
|
|a 0000023297
|b BOOK
|c Open Shelf
|e Default branch
|